1992 1216 1670 1226 1413 1885 1107 1096 1570 1587 1648 1301 1672 1569 1866 1005 1259 1558 1645 1395 1728 1701 1109 1087 1176 1468 1044 1496 1920 1075 1601 1644 1301 1790 1987 1003 1464 1550 1501 1253 1311 1502 1491 1072 1063 1196 1229 1524 1042 1476 1498 1743 1183 1535 1930 1362 1510 1598 1863 1412 1819 1591 1449 1578 1429 1520 1534 1889 1556 1401 1212 1728 1627 1725 1996 1416 1746 1863 1122 1687 1495 1477 1470 1746 1790 1512 1910 1726 1565 1027 1587 1376 1451 1528 1679 1123 1422 1203 1967 BCNSPRNW ULIB Ver.6.0+V

เปลี่ยนเป็นภาษาไทย

Change to English
 แสดงรายละเอียดบรรณานุกรม
  กลับหน้าหลัก

Brief Record : Get Marc (ISO 2709) : E-mail record : QR code < ปิดหน้าต่าง
LEADER : 00000nam 2200000uu 4500
001    13399110907
003     ULIB
008    110613s||||||||th 000 0 tha d
020    9749006488
050  4 AC158^bจ716ช 2546
100    เจนเนอร์ แจน
245    ชีวิตสัตว์โลก/ ^cผู้แต่ง เอ็กซ์ไลน์, โจเซฟ ดี; แปลและเรียบเรียง ตรัยเทพ เกษศิลป์
246 31 สำรวจโลกวิทยาศาสตร์
260    กรุงเทพฯ : ^bเพียร์สัน เอ็ดดูเคชั่น อินโดไชน่า, ^c2546
300    208 หน้า : ^bภาพประกอบ ; ^c28 ซม.
490    สำรวจโลกวิทยาศาสตร์
650    สัตว์
650    วิทยาศาสตร์ ^xการทดลอง
700    ตรัยเทพ เกษศิลป์, ^eผู้แปล
945    ^p0^l0^i028560
995    ทศพร
999 ^a ใช้งานได้ทุกระบบ
รายการนี้ยังไม่มีแท็ก
คุณยังไม่ได้ล็อกอิน คุณสามารถมีกิจกรรมร่วมกับเว็บไซต์ได้ แต่ต้องล็อกอินก่อน ::
  ล็อกอิน

รายการสื่อสารสนเทศ

ลำดับที่ ประเภท เลขเรียก/บาร์โค้ด สถานที่ สถานะ
- ไม่พบข้อมูล -

รายการใกล้เคียง
    ผู้แต่ง [เจนเนอร์ แจน]

    หัวเรื่อง [สัตว์]

BibComment


ยังไม่เคยถูกคอมเมนท์

คอมเมนท์ทรัพยากรรายการนี้
  คอมเมนท์: ชีวิตสัตว์โลก ผู..


 Copyright 2026. Bcnsprnw @Library